000 01053naa a22003257a 4500
001 BR9602298
003 BR-BrBNA
005 20240918181830.0
007 ta
008 230509b bl.||||| |||| 00| 0 por d
040 _aBR-BrBNA
_bpor
_cBiblioteca Nacional de Agricultura
041 _a(Pt)
072 _aL02; L01
_b5213
_b5214
090 _aL02 BR9602298
100 1 _aMilagres, J.C.
245 1 _aProvas de ganho de peso em confinamento
250 1 _a2. ed.
260 3 _aPiracicaba, SP (Brasil):
_c1993.
500 _aBovinocultura de corte. Fundamentos da exploracao racional 2. ed. Piracicaba, SP (Brasil): 1993. p. 375-395 (BR9602298-AM)L02
650 _aGado de Corte
650 _aGado Leiteiro
650 _aGanho de Peso
650 _aConfinamento
650 _aCriacao
650 _aNutricao Animal
650 _aDesmama
773 0 _tBovinocultura de corte. Fundamentos da exploracao racional
_wL02 BR9602298
_gPiracicaba, SP (Brasil), 1993. p. 375-395
909 _a202404
_bLucia
_c55
_dLucia Elande
942 _cAM
_2AGRIS
999 _c327054
_d327054